000 00540nam a2200181 4500
999 _c172125
_d172125
005 20200128120319.0
010 _aEN-127592
020 _c599.00
_a9789351952817
035 _aEN-111124
037 _bDBAD/PUB
082 _aN
100 _aBhaskar,Dharini
245 _aThese our Bodies possessed by light /
_bby Dharini Bhaskar
260 _aGurugram
_bHachette Book Publishing
_c2019
270 _a4th & 5th Floors, Corporate Centre, Plot no 094, Sec44,
_bGurugram
_e122003
300 _a328p.
_c22cm(hb)
942 _2ddc
_cEN
_hN
_mBHA